Faber and Kell's heating and air conditioning of buildings (Record no. 43047)

MARC details
000 -LEADER
fixed length control field 00842nam a2200217 a 4500
008 - FIXED-LENGTH DATA ELEMENTS--GENERAL INFORMATION
fixed length control field 120416s1995 ||||||||||||||||| || u
020 ## - INTERNATIONAL STANDARD BOOK NUMBER
International Standard Book Number 0750618582
050 ## - LIBRARY OF CONGRESS CALL NUMBER
Classification number TH 7222 Fab
100 ## - MAIN ENTRY--PERSONAL NAME
Personal name Oughton, D. R
245 10 - TITLE STATEMENT
Title Faber and Kell's heating and air conditioning of buildings
Statement of responsibility, etc. revised by P. L. Martin
246 ## - VARYING FORM OF TITLE
Title proper/short title with some notes on combined heat and power
250 ## - EDITION STATEMENT
Edition statement Eighth ed. / revised by P.L. Martin, D.R. Oughton.
260 ## - PUBLICATION, DISTRIBUTION, ETC.
Place of publication, distribution, etc. Oxford
Name of publisher, distributor, etc. Butterworth-Heinemann
Date of publication, distribution, etc. 1995.
300 ## - PHYSICAL DESCRIPTION
Extent 701 p. : ill.
350 ## - PRICE (NR) (BK AM CF MU VM SE) [OBSOLETE]
Price 0.00
500 ## - GENERAL NOTE
General note Previous ed. entered under: Faber, Oscar. -Includes index.
650 ## - SUBJECT ADDED ENTRY--TOPICAL TERM
Topical term or geographic name entry element VENTILATION
650 ## - SUBJECT ADDED ENTRY--TOPICAL TERM
Topical term or geographic name entry element TEXTBOOKS
650 ## - SUBJECT ADDED ENTRY--TOPICAL TERM
Topical term or geographic name entry element HEATING
995 ## - RECOMMENDATION 995 [LOCAL, UNIMARC FRANCE]
-- 0.00
-- CBU-MAIN LIBRARY (Kitwe)
-- 1
-- 0.00
-- OUT
-- Jun 2, 2006
-- Main Library Open Access Collection
Holdings
Withdrawn status Lost status Source of classification or shelving scheme Damaged status Not for loan Home library Current library Shelving location Date acquired Total Checkouts Full call number Barcode Date last seen Price effective from Koha item type
          CBU-MAIN LIBRARY, KITWE. CBU-MAIN LIBRARY, KITWE.   11/30/2022   TH 7222 Fab 027575 11/30/2022 11/30/2022 MONOGRAPH